000 00596nam a2200181Ia 4500
003 GCL
008 140319s9999 xx 000 0 ara d
040 _aGCL /
_cGCL
082 0 4 _a621.37
_bا ا
100 1 _aاحمد مختار شافعى
245 1 0 _aالقياسات واجهزةالقياس الكهربائية /
_cاحمد مختار شافعى
260 _a[S.N] :
_b2000 للثقافة والنشر ،
_c1980
300 _a286
490 _aالاسس التكنولوجية
_v0
650 0 4 _aالتكنولوجيا
650 0 4 _aالهندسة الكهربية
942 _2ddc
_cBK
999 _c53730
_d53730